Search for self respect (Record no. 30954)

MARC details
000 -LEADER
fixed length control field 00262nam a2200109Ia 4500
082 ## - DEWEY DECIMAL CLASSIFICATION NUMBER
Classification number 159.9
Item number MAL
100 ## - MAIN ENTRY--AUTHOR NAME
Personal name MALTZ, Maxwell
245 #0 - TITLE STATEMENT
Title Search for self respect
260 ## - PUBLICATION, DISTRIBUTION, ETC. (IMPRINT)
Place of publication London
Name of publisher Bantam
Year of publication 1973
942 ## - ADDED ENTRY ELEMENTS (KOHA)
Koha item type Books
Holdings
Withdrawn status Lost status Damaged status Not for loan Home library Current library Date acquired Full call number Accession Number Koha item type
        RRII Library RRII Library 16/12/2021 159.9 MAL 11509 Books